Normal view
MARC view
- التسعير - التسويق - الاسعار - ادار المبيعات
Entry Topical Term
001 - CONTROL NUMBER
- control field: 57242
003 - CONTROL NUMBER IDENTIFIER
- control field: JO-AjAnu
005 - DATE AND TIME OF LATEST TRANSACTION
- control field: 20230606083356.0
008 - FIXED-LENGTH DATA ELEMENTS
- fixed length control field: 230606|| aca||aabn | a|a d
040 ## - CATALOGING SOURCE
- Original cataloging agency: JO-AjAnu
- Transcribing agency: JO-AjAnu
150 ## - HEADING--TOPICAL TERM
- Topical term or geographic name entry element: التسعير - التسويق - الاسعار - ادار المبيعات
670 ## - SOURCE DATA FOUND
- Source citation: Work cat.: (JO-AjAnu)29206: تأليف عبيدات، محمد , author 57241, اساسيات التسعير في التسويق المعاصر: مدخل سلوكي